| 000 | 01319cam a2200373 i 4500 | ||
|---|---|---|---|
| 999 |
_c531724 _d531724 |
||
| 001 | 16814708 | ||
| 003 | NUST | ||
| 005 | 20191024122756.0 | ||
| 008 | 110608s2011 gw a b 001 0 eng | ||
| 010 | _a 2011931519 | ||
| 020 | _a9783642196737 (hardback : acidfree paper) | ||
| 020 | _z9783642196744 (ebook) | ||
| 038 | _aMSOHAIL | ||
| 040 |
_aDLC _beng _erda _cDLC |
||
| 042 | _apcc | ||
| 043 | _aa------ | ||
| 050 | 0 | 0 |
_aQC903.2.A78 _bR36 2011 |
| 082 | _a0 | ||
| 100 | 1 |
_aRamesha, Chandrappa, _eauthor. _924693 |
|
| 245 | 1 | 0 |
_aCoping with climate change : _bprinciples and Asian context / _cRamesha Chandrappa, Sushil Gupta, Umesh Chandra Kulshrestha. |
| 264 | 1 |
_aHeidelberg : _bSpringer, _c[2011] |
|
| 300 |
_axxi, 370 pages : _billustrations (some color) ; _c25 cm |
||
| 336 |
_atext _btxt _2rdacontent |
||
| 337 |
_aunmediated _bn _2rdamedia |
||
| 338 |
_avolume _bnc _2rdacarrier |
||
| 504 | _aIncludes bibliographical references and index. | ||
| 650 | 0 |
_aClimatic changes _zAsia. _924694 |
|
| 651 | 0 |
_aAsia _xClimate. _924695 |
|
| 700 | 1 |
_aGupta, Sushil, _d1968- _eauthor. _924696 |
|
| 700 | 1 |
_aKulshrestha, Umesh Chandra, _eauthor. _924697 |
|
| 906 |
_a7 _bcbc _corignew _d2 _eepcn _f20 _gy-gencatlg |
||
| 942 |
_2ddc _cBK |
||